Sports Quiz

Random Sports or NBA Quiz

Top 50 RPG players in 2016-17 (Rebounds per Game) Quiz Stats

 Plays Quiz not verified by Sporcle

Challenge
Share
Tweet
Embed
Score 0/50 Timer 12:00
0 Plays Today
Team Answer % Correct
HeatHassan Whiteside
100%
PistonsAndre Drummond
100%
ClippersDeandre Jordan
100%
JazzRudy Gobert
100%
TimberwolvesKarl Anthony Towns
100%
PelicansAnthony Davis
100%
CavaliersKevin Love
100%
Kings/PelicansDemarcus Cousins
100%
CavaliersLebron James
100%
HawksDwight Howard
98%
ThunderRussell Westbrook
98%
WizardsMarcin Gortat
98%
CavaliersTristan Thompson
98%
ClippersBlake Griffin
98%
NuggetsNikola Jokic
96.1%
WarriorsKevin Durant
96.1%
ThunderSteven Adams
96.1%
SunsTyson Chandler
94.1%
GrizzliesZach Randolph
94.1%
SpursPau Gasol
94.1%
HawksPaul Millsap
94.1%
MagicNikola Vucevic
92.2%
RaptorsJonas Valanciunas
92.2%
LakersJulius Randle
92.2%
RocketsJames Harden
92.2%
Team Answer % Correct
RocketsClint Capela
92.2%
WarriorsDraymond Green
92.2%
GrizzliesJamychal Green
92.2%
CelticsAl Horford
92.2%
Magic/RaptorsSerge Ibaka
92.2%
SpursLamarcus Aldridge
90.2%
BucksGiannis Antetokounmpo
88.2%
76ersJoel Embiid
88.2%
KnicksKristaps Porzingis
88.2%
KnicksJoakim Noah
86.3%
Nuggets/TrailblazersJusuf Nurkic
86.3%
Trailblazers/NuggetsMason Plumlee
84.3%
ThunderEnes Kanter
84.3%
PacersMyles Turner
82.4%
SunsAlex Len
76.5%
TimberwolvesGorgui Dieng
74.5%
NuggetsKenneth Faried
74.5%
BucksGreg Monroe
74.5%
HornetsMarvin Williams
66.7%
MavericksAndrew Bogut
64.7%
HornetsMichael Kiddgilchrist
64.7%
NetsTrevor Booker
58.8%
TrailblazersAl Farouq Aminu
56.9%
KnicksWilly Hernangomez
52.9%
HornetsBismack Biyombo
19.6%

You're not logged in!

Compare scores with friends on all Sporcle quizzes.
Join for Free
OR
Log In

You Might Also Like...

Show Comments

Extras

Top Quizzes Today


Score Distribution

Your Account Isn't Verified!

In order to create a playlist on Sporcle, you need to verify the email address you used during registration. Go to your Sporcle Settings to finish the process.

Report this User

Report this user for behavior that violates our Community Guidelines.

Details: